[Event "ROM-ch U14 Girls"]
[Site "Mamaia"]
[Date "2021.04.13"]
[Round "9"]
[White "Cristea, Amana Mihaela"]
[Black "Mihalea, Maria Ioana"]
[Result "0-1"]
[WhiteElo "1084"]
[BlackElo "1446"]
[PlyCount "55"]
[EventDate "2021.04.07"]
[EventType "swiss"]
[EventRounds "9"]
[EventCountry "ROU"]
[SourceTitle "EXT 2022"]
[Source "ChessBase"]
[SourceDate "2021.10.06"]
[SourceVersion "1"]
[SourceVersionDate "2021.10.06"]
[SourceQuality "1"]

1. e4 e5 2. Nf3 Nc6 3. Bc4 Bc5 4. 0-0 Nf6 5. Nc3 0-0 6. d3 h6 7. h3 d6 8. Na4 Bb6 9. Nxb6 axb6 10. Bd2 Be6 11. Bb3 Qe7 12. Re1 Rfe8 13. c3 Na5 14. Bc2 Bd7 15. b4 Nc6 16. d4 exd4 17. Nxd4 Ne5 18. f4 Nc4 19. Bc1 c5 20. Nf3 Na3 21. Be3 Nh7 22. e5 d5 23. Bxh7+ Kxh7 24. Qd3+ Kg8 25. bxc5 Qxc5 26. Red1 Qa5 27. Rdc1 Rad8 28. Qe2 0-1

[Event "ROM-ch U14 Girls"]
[Site "Mamaia"]
[Date "2021.04.10"]
[Round "5"]
[White "Cristea, Amana Mihaela"]
[Black "Caraghete, Ana Marina"]
[Result "1/2-1/2"]
[WhiteElo "1084"]
[BlackElo "1101"]
[PlyCount "50"]
[EventDate "2021.04.07"]
[EventType "swiss"]
[EventRounds "9"]
[EventCountry "ROU"]
[SourceTitle "EXT 2022"]
[Source "ChessBase"]
[SourceDate "2021.10.06"]
[SourceVersion "1"]
[SourceVersionDate "2021.10.06"]
[SourceQuality "1"]

1. e4 c6 2. d4 d5 3. Bd3 dxe4 4. Bxe4 Nf6 5. Nc3 Bg4 6. Bf3 Bf5 7. Nge2 e6 8. 0-0 Bd6 9. Bf4 Qc7 10. g3 h6 11. Re1 g5 12. Bxd6 Qxd6 13. Nc1 g4 14. Bg2 h5 15. Nb3 Kf8 16. a4 h4 17. a5 Na6 18. Na2 Nd5 19. c3 Kg7 20. Qe2 Rab8 21. Qe5+ Qxe5 22. Rxe5 f6 23. Ree1 Kf7 24. Nc5 Nxc5 25. dxc5 h3 1/2-1/2

[Event "ROM-ch U10 Girls"]
[Site "Baile Felix"]
[Date "2017.02.04"]
[Round "3"]
[White "Nicoara, Iris Maria"]
[Black "Cristea, Amana Mihaela"]
[Result "0-1"]
[WhiteElo "1187"]
[BlackElo "1035"]
[PlyCount "52"]
[EventDate "2017.02.02"]
[EventType "swiss"]
[EventRounds "9"]
[EventCountry "ROU"]
[SourceTitle "CBM 176 Extra"]
[Source "ChessBase"]
[SourceDate "2017.03.02"]
[SourceVersion "1"]
[SourceVersionDate "2017.03.02"]
[SourceQuality "1"]

1. e4 e5 2. Nf3 Nc6 3. Bc4 Bc5 4. Nc3 Nf6 5. 0-0 0-0 6. d3 h6 7. Na4 Bb6 8. Nxb6 axb6 9. a3 d5 10. exd5 Nxd5 11. h3 Re8 12. Re1 Bf5 13. d4 e4 14. Nh2 Ra5 15. b4 Ra4 16. f3 Qf6 17. Bxd5 Qg6 18. Ng4 Re7 19. c3 Ra8 20. Bf4 Rae8 21. b5 Nd8 22. Ne5 Qd6 23. Bc4 Kh8 24. Ng6+ Qxg6 25. Kh2 exf3 26. Rxe7 Qxg2# 0-1

[Event "ROM-ch U10 Girls"]
[Site "Baile Felix"]
[Date "2017.02.03"]
[Round "2"]
[White "Cristea, Amana Mihaela"]
[Black "Paun, Sara Ionela"]
[Result "1-0"]
[WhiteElo "1035"]
[BlackElo "1001"]
[PlyCount "43"]
[EventDate "2017.02.02"]
[EventType "swiss"]
[EventRounds "9"]
[EventCountry "ROU"]
[SourceTitle "CBM 176 Extra"]
[Source "ChessBase"]
[SourceDate "2017.03.02"]
[SourceVersion "1"]
[SourceVersionDate "2017.03.02"]
[SourceQuality "1"]

1. e4 e5 2. Nf3 Nc6 3. Bc4 Bc5 4. 0-0 d6 5. h3 Nf6 6. Nc3 Be6 7. Bb3 0-0 8. d3 Qd7 9. Be3 Bb6 10. Qd2 Rae8 11. Rad1 Ba5 12. d4 Bxb3 13. axb3 Bxc3 14. Qxc3 a6 15. dxe5 dxe5 16. Rxd7 Nxd7 17. Qd2 Rd8 18. Bh6 gxh6 19. Qxh6 Rfe8 20. Ng5 Re6 21. Qxh7+ Kf8 22. Qxf7# 1-0